000
00262nam a2200097Ia 4500
001
642012
005
20250826153518.0
008
250824s9999 xx 000 0 und d
245
0
_a
KURTULUŞUN KAHRAMANLARI 12 CAFER EFE
_c
İSMAİL BİLGİN
260
_b
TİMAŞ ÇOCUK
999
_c
642012
_d
642012